Macromedia flash 5 : konsep & asas penggunaan siri I

Bibliographic Details
Main Author: JAMALLUDIN Harun
Other Authors: Zaidatun Tasir, Zaidi Yaman
Format: Book
Published: Kuala Lumpur : Venton Pub. , 2001
Subjects:

MARC

LEADER 00000cam a2200000 7i4500
001 0000003113
005 20040527.0
020 0 0 |a 9832031354 
090 0 0 |a 006.7869   |b JAM 2001 
100 0 0 |a JAMALLUDIN Harun 
245 1 0 |a Macromedia flash 5 :   |b konsep & asas penggunaan siri I   |c Jamalludin Harun, Zaidatun Tasir 
260 0 0 |a Kuala Lumpur :   |b Venton Pub. ,   |c 2001 
300 |a 343 p. :   |b ill. ;   |c 26 cm. 
640 0 0 |a Flash (Computer file) 
650 0 0 |a Computer animation 
650 0 0 |a Multimedia systems 
650 0 0 |a Web sites   |x Design 
700 0 1 |a Zaidatun Tasir 
700 0 1 |a Zaidi Yaman 
998 |a JPSM 
999 |a 0000005558   |b Monograph   |c Open Shelf   |e Default branch